| 000 | 00598nam a22001937a 4500 | ||
|---|---|---|---|
| 005 | 20150806122938.0 | ||
| 010 | _aENG-113337 | ||
| 020 |
_a9788189131661 _c1495.00 |
||
| 035 | _aEN-96869 | ||
| 037 | _bDBAD/PUB | ||
| 082 | _a954 | ||
| 245 |
_aStudies in Indian history : _cedited by K.Arjun Rao _bfestschrift to prof. Adapa Satyanarayana / |
||
| 260 |
_aNew Delhi _bResearch India _c2015 |
||
| 270 |
_aE-6/34, Sangam Vihar, _bNew Delhi _e110062 |
||
| 300 |
_axli,428p. _c23cm(Hb) |
||
| 500 | _aIncludes index | ||
| 700 | _aArjun Rao, K. | ||
| 942 |
_2ddc _cEN _mSTU _h954 |
||
| 999 |
_c94573 _d94573 |
||